000 00689nam a2200205Ia 4500
008 130821s1971 sp gr spa
040 _aCo-BoUCM
_bspa
041 0 0 _aspa
100 1 _aLujan, Néstor?UNAUTHORIZED
_9161360
245 1 4 _a...Y Mussolini creó el fascismo
_cNestor Lujan y Luis Bettonica
260 _aBarcelona (España)
_bPlaza & Janes
_c1971
300 _a186 páginas
490 _aRotativa
600 1 4 _aMussolini, Benito Amilcare Andrea
_d1883-1945
_9141447
650 0 4 _aCiencia política
_9340
650 0 4 _aFascismo
_zItalia
_915595
700 1 _aBettonica, Luis
_9161361
942 _cLIBRO
_a6
_e1
_mL968y
_2DEWEY
_h320.533
999 _c43560
_d43560